Diseño de un proceso de planeación de la demanda y abasteiemineto en CEFA
Sábháilte in:
| Príomhchruthaitheoir: | |
|---|---|
| Rannpháirtithe: | , |
| Formáid: | LEABHAR |
| Teanga: | Spanish |
| Foilsithe / Cruthaithe: |
[San José , Costa Rica]
2015
|
| Ábhair: | |
| Clibeanna: |
Cuir clib leis
Níl clibeanna ann, Bí ar an gcéad duine le clib a chur leis an taifead seo!
|
MARC
| LEADER | 00000nam a22000007a 4500 | ||
|---|---|---|---|
| 003 | 012975 | ||
| 005 | 20221231144415.0 | ||
| 008 | 190110b2015 cr a|||| ||m| 00| ||spa d | ||
| 040 | |c cru CEDI | ||
| 090 | |a TFG 8126 | ||
| 100 | |9 15084 |a Heinrich Arguedas, Erick | ||
| 245 | |a Diseño de un proceso de planeación de la demanda y abasteiemineto en CEFA | ||
| 260 | |a [San José , Costa Rica] |c 2015 | ||
| 300 | |a xxii,333 hojas : ilustraciones | ||
| 500 | |a Proyecto de graduación (licenciatura en ingeniería industrial)--Universidad de Costa Rica. Facultad de Ingeniería. Escuela de Ingeniería Industrial | ||
| 650 | |x CORPORACION CEFA S.A.(COSTA RICA) |x ADMINISTRACION INDUSTRIAL |x PLANIFICACION EMPRESARIAL |x ADMINISTRACION DE PRODUCTOS |x CONTROL DE PROCESOS |x CONTROL DE INVENTARIOS |9 15087 | ||
| 700 | |9 15085 |a Lau Lee, Máximo | ||
| 700 | |9 15086 |a Sancho Calderón, Ricardo | ||
| 942 | |c TFG | ||
| 999 | |c 21409 |d 21409 | ||
